Elementary statistical analysis (Record no. 1248525)

MARC details
000 -LEADER
fixed length control field 00483nam a2200181Ia 4500
005 - DATE AND TIME OF LATEST TRANSACTION
control field 20250317122746.0
008 - FIXED-LENGTH DATA ELEMENTS--GENERAL INFORMATION
fixed length control field 008 250317s9999 xx 000 0 eng d
040 ## - CATALOGING SOURCE
Original cataloging agency FMSL
Language of cataloging eng
Transcribing agency FMSL
041 ## - LANGUAGE CODE
Language code of text/sound track or separate title eng
Source of code eng
084 ## - COLON CLASSIFICATION NUMBER
Classification number B28 K4
Assigning agency FMSL
100 ## - MAIN ENTRY--PERSONAL NAME
Personal name Wilks S S
245 #0 - TITLE STATEMENT
Title Elementary statistical analysis
260 ## - PUBLICATION, DISTRIBUTION, ETC.
Place of publication, distribution, etc. Calcutta
Name of publisher, distributor, etc. Calcutta, Oxford
Date of publication, distribution, etc. 1964
300 ## - PHYSICAL DESCRIPTION
Extent 284p
942 ## - ADDED ENTRY ELEMENTS (KOHA)
Koha item type Textbook
Classification part B28 K4

No items available.

Copyright @ Delhi University Library System